[Event "Cali op-C"]
[Site "Cali"]
[Date "2008.12.30"]
[Round "9"]
[White "Dabraccio, Guillermo"]
[Black "Cortes Fernandez, Andres Felipe"]
[Result "1-0"]
[WhiteElo "1668"]
[BlackElo "1600"]
[PlyCount "36"]
[EventDate "2008.12.26"]
[EventType "swiss"]
[EventRounds "9"]
[EventCountry "COL"]
[SourceTitle "EXT 2011"]
[Source "ChessBase"]
[SourceDate "2010.11.26"]
[SourceVersion "1"]
[SourceVersionDate "2010.11.26"]
[SourceQuality "1"]

1. d4 Nf6 2. c4 g6 3. Nc3 Bg7 4. e4 d6 5. h3 0-0 6. Nf3 Nbd7 7. Be3 e5 8. Qc2 b6 9. Be2 Rb8 10. Rd1 Qe7 11. 0-0 Re8 12. Bd3 c5 13. dxc5 Nxc5 14. Bg5 Nxd3 15. Bxf6 Bxf6 16. Rxd3 Qd7 17. Rfd1 Rb7 18. Rxd6 Qe7 1-0